| 000 | 00847nam a2200241Ia 4500 | ||
|---|---|---|---|
| 005 | 20220214180656.0 | ||
| 008 | 210716s2009 xx 000 0 und d | ||
| 020 | _a9780195691658 | ||
| 040 | _cAIMIT LIBRARY | ||
| 041 | _aeng | ||
| 082 |
_a174.4 _23 _bCRAA |
||
| 100 |
_aCrane, Andrew. _919841 |
||
| 245 |
_aBusiness ethics: _bmanaging corporate citizenship and sustainability in the age of globalization / _cBy Andrew Crane and Dirk Matten. |
||
| 250 | _a3rd ed. | ||
| 260 |
_aNew Delhi : _bOxford University Press , _c2009. |
||
| 300 |
_axxv,614p. ; _c24 cm. |
||
| 650 |
_aBusiness Ethics. _919842 |
||
| 650 |
_aShareholders and Businss Ethics. _919844 |
||
| 650 |
_aCivil Society and Business Ethics. _919845 |
||
| 650 |
_aEmployees and Business Ethics. _919846 |
||
| 700 |
_aMatten, Dirk. _919843 |
||
| 942 |
_2ddc _cBK _e3rd. _k174.4 CRAA |
||
| 999 |
_c209424 _d209424 |
||